|
|
|
|
| LEADER |
00000cam a2200000 a 4500 |
| 001 |
vtls001100955 |
| 003 |
SK-MaSNL |
| 005 |
20260301062507.0 |
| 008 |
210928s1980 xo f n 10000 eng |
| 015 |
|
|
|a SNBA1981
|
| 035 |
|
|
|a SNK000043797
|
| 040 |
|
|
|a SNK
|b slo
|c SNK
|e AACR2
|
| 041 |
0 |
|
|a eng
|
| 044 |
|
|
|a xo
|c SK
|
| 080 |
|
|
|a 669.018(08)=20
|2 1981
|
| 245 |
0 |
0 |
|a Amorphous Metallic Materials
|b Proceedings of the Conference Smolenice 1978
|c edited by P. Duhaj, P. Mrafko
|
| 250 |
|
|
|a 1. vyd.
|
| 260 |
|
|
|a Bratislava
|b Veda
|c 1980
|e Nitra
|f Nitrianske tlačiarne
|
| 300 |
|
|
|a 387 s.
|b fotogr., grafy, sch.
|c 23 cm
|
| 366 |
|
|
|e 600 výtl.
|
| 490 |
1 |
|
|a Physics and Applications
|
| 504 |
|
|
|a Obsahuje bibliografiu
|
| 650 |
0 |
7 |
|a metalurgia
|2 SNKPH
|9 941
|
| 650 |
0 |
7 |
|a kovové materiály
|2 SNKPH
|9 1053
|
| 655 |
|
7 |
|a zborníky konferencií
|2 SNKPH
|9 70153
|
| 700 |
1 |
|
|a Duhaj, Pavol,
|d 1923-2008
|4 edt
|9 224804
|
| 700 |
1 |
|
|a Mrafko, Peter,
|d 1940-
|4 edt
|9 39846
|
| 830 |
|
0 |
|a Physics and Applications
|9 376927
|
| 954 |
|
|
|a odborná, vedecká literatúra pôvodná (slovenská)
|2 lita
|
| 958 |
|
|
|a TL
|
| 958 |
|
|
|a OND
|
| 999 |
|
|
|c 620863
|d 622793
|
| 952 |
|
|
|t P60, <04>, [BOOK], {604}
|a SNK
|b SNK
|y VYP
|7 0
|p 17A0269595
|o snkSC 51578 D1
|0 0
|1 0
|4 0
|d 2002-07-24
|l 0
|r 2004-12-31 00:00:00
|w 2026-02-23
|
| 952 |
|
|
|a SNK
|b SNK
|y PREZ
|7 0
|p 17A0853685
|o snkSC 51578
|0 0
|1 0
|4 0
|d 2012-08-01
|l 0
|r 2025-11-04 00:00:00
|w 2026-02-23
|